[Event "NED-ch56"]
[Site "Leeuwarden"]
[Date "2001.06.22"]
[Round "2"]
[White "Piket, Jeroen"]
[Black "Tiviakov, Sergei"]
[Result "1-0"]
[WhiteElo "2628"]
[BlackElo "2603"]
[Annotator "Ribli,Z"]
[PlyCount "119"]
[EventDate "2001.06.20"]
[EventType "tourn"]
[EventRounds "9"]
[EventCountry "NED"]
[EventCategory "12"]
[SourceTitle "CBM 084"]
[Source "ChessBase"]
[SourceDate "2001.09.13"]
[SourceVersion "1"]
[SourceVersionDate "2001.09.13"]
[SourceQuality "1"]

1. c4 e5 2. Nc3 Nf6 3. Nf3 Nc6 4. g3 d5 5. cxd5 Nxd5 6. Bg2 Nb6 7. O-O Be7 {
Diese Variante ist heutzutage auf Großmeisterturnieren sehr beliebt.
Eigentlich ist das eine Stellung der Drachenvariante (Sizilianische
Verteidigung). Schwarz hat ein starkes Zentrum, aber das Potential des weißen
Spiels am Damenflügel ist durchaus gefährlich.} 8. Rb1 {Das ist der letzte
Schrei in dieser Variante - Weiß möchte sofort 9.b4 ziehen.} O-O 9. b4 a6 (9...
Nxb4 $5) 10. a3 Be6 11. d3 f6 {Diese Stellung signalisiert, dass Weiß schon
etwas erreicht hat - denn in der Variante mit 8.a3 (anstelle von 8.Rb1) 0-0 9.
b4 Be6 10.Rb1 f6 11.d3 spielt Schwarz nicht 11...a6 (was zu unserer
Brettstellung führen würde), sondern 11...a5 12.b5 Nd4 oder 11...Nd4 mit guten
Ausgleichschancen.} 12. Ne4 {[%csl Yc5][%cal Ge4c5] Der Springer strent das
Schlüsselfeld c5 an. Die schwarze Stellung ist solide, aber Weiß hat
Initiative am Damenflügel.} Nd7 (12... Nd5 13. Qc2 Qd7 14. Bb2 a5 15. b5 (15.
Nc5 Bxc5 16. bxc5 a4 17. Ba1 Nde7 18. Nd2 Na5 19. Rb4 Bb3 20. Nxb3 axb3 21. Qb1
Kh8 22. Rh4 g6 23. d4 exd4 24. Bxd4 {1-0 Baragar,F-Rasmussen,B/Manitoba 1996/
EXT 99 (30)}) 15... Na7 16. d4 Nxb5 17. dxe5 Nxa3 18. Bxa3 Bxa3 19. exf6 gxf6
20. Nd4 Bf7 21. Rxb7 Bb4 22. Rc1 Rfe8 23. Qd3 Bf8 24. Rcxc7 {1-0 Miezis,
N-Allahverdiev,A/Pula 1997/CBM 57 ext (24)}) (12... Ba2 13. Rb2 Bd5 14. Nc5 Rb8
15. e4 Bf7 16. Be3 Nd7 17. Nb3 (17. Qc2 Nxc5 18. bxc5 Qd7 19. Rfb1 {Gulko,
B-Seirawan,Y USA-ch 1989 CBM/19 48/28}) 17... a5 18. b5 a4 19. Nbd2 Nd4 (19...
Bxa3 20. Rb1 Nd4 21. Bxd4 exd4 22. Qxa4 Bc5 23. Qc2 Qe7 24. Nb3 Qd6 25. Nfd2
Kh8 {0-1 Dorfman,J-Hellers,F/Amsterdam 1990/CBM 20/[Ribli] (42)}) 20. Bxd4 exd4
21. Qxa4 Bc5 22. Qc2 Bxa3 23. Ra2 Bb4 24. Ra4 Bc3 25. Nb1 Nc5 26. Nxc3 dxc3 27.
Rd4 {1-0 Rahman,Z-Ravi,L/Calcutta 1996/CBM 50 ext (46)}) 13. Qc2 (13. Nc5 Bxc5
14. bxc5 Rb8 $11 (14... Nxc5 15. Be3 Qd6 (15... Nd4 16. Bxd4 exd4 17. Qc2 b6
18. Rb4 $13) 16. Qc2 $44 (16. Bxc5 Qxc5 17. Rxb7 $13)) (14... Bd5 $5)) 13...
Bd5 14. Nc3 (14. Nc5) 14... Bf7 (14... Bxf3 $2 15. Bxf3 Nd4 16. Qa2+) (14...
Be6 $6 15. Rd1 {[%cal Rd3d4,Rd4d5]}) 15. Na4 Kh8 (15... Bd5 16. Ng5 $1 Bxg2 17.
Qa2+ (17. Qc4+ Kh8 18. Ne6 Qc8 19. Kxg2 $14) 17... Kh8 18. Ne6 Qc8 19. Kxg2 $14
) 16. Rd1 {[%cal Gd3d4]} f5 $1 $13 {Während Weiß spürbar Druck am Damenflügel
entwickelt, bekommt Schwarz Gegenchancen im Zentrum.} 17. d4 e4 (17... exd4 $2
18. Nxd4 Nxd4 19. Rxd4 $16) 18. d5 (18. Ne5 $2 Ndxe5 19. dxe5 Nd4) (18. Ne1 Bf6
) 18... Nxb4 $6 (18... Na7 $5 $13 {[%cal Ga7b5]}) 19. axb4 exf3 20. Bxf3 Ne5 (
20... Bg6 $6 {[%cal Gg6b1]} 21. Bf4 Bd6 22. Nc5 $36) 21. Bg2 $14 b6 $6 {
Schwarz opfert die Qualität. Es ist aber zumindest fraglich, ob er dafür
ausreichend Kompensation erhält.} (21... Bd6 22. Nc5 Rb8 $14 {Das weiße
Figurenspiel ist aktiv, aber die schwarze Stellung wirkt noch
verteidigungsfähig.}) 22. d6 {[%cal Rg2a8,Rd6e7]} cxd6 (22... Bxd6 23. Bxa8
Qxa8 24. Nxb6 $16) 23. Bxa8 Qxa8 24. Qc7 $1 (24. Nxb6 Qb7 25. Be3 (25. Na4 f4
$132) 25... f4 $132 {[%cal Rf7g6,Rg6b1]}) 24... Bh5 $5 {[%mdl 2048] Schwarz
kümmert sich nicht um die Verteidigung des Be7, sondern konzentriert sich auf
seinen Gegenangriff am Königsflügel.} (24... Re8 25. Nxb6 Qe4 26. Rb2 $16) 25.
Bf4 $1 (25. Qxe7 Re8 26. Nxb6 (26. Qxd6 Bxe2 $132) 26... Qe4 27. Qxd6 Qxb1 $5 (
27... Bxe2 $6 28. Rb3 Qc2 (28... Nf3+ 29. Rxf3 Bxf3 30. Rf1 Bh1 31. f3 Bxf3 32.
Qf4 $18) 29. Re1 Qxb3 30. Rxe2 Nf3+ 31. Kg2 Rxe2 32. Qf8+ Qg8 33. Qxg8+ Kxg8
34. Kxf3 $16) 28. Bf4 Qa2 29. Bxe5 Qxe2 30. Bxg7+ Kxg7 31. Rc1 Bf3 $132) 25...
Re8 26. Bxe5 dxe5 27. Nxb6 $16 {Weiß hat eine Qualität mehr. Schwarz konnte
zwar aufgrund des Läuferpaares etwas Gegenspiel entwickeln, aber der
Materialvorteil muss früher oder später den Ausschlag geben.} Qe4 28. Nc4 (28.
Nd5 Bd8 29. Qd7 Qxe2) 28... Qxe2 (28... Bf8 29. Re1 (29. Rbc1 Bxe2 30. Rd8 $16)
29... Bxe2 30. Qd7 Ra8 31. Nd6 Bxd6 32. Qxd6 f4 33. Ra1 $16) 29. Re1 Qa2 30.
Nxe5 {Endlich konnte Weiß den wichtigen Pe5 erobern.} Bf6 31. Qc4 $1 Qxc4 (
31... Qa4 32. Nf7+ Bxf7 33. Qxf7 Rd8 34. b5 $18) 32. Nxc4 Rd8 33. Ne5 h6 34.
Kg2 Kh7 35. Rbc1 Be8 36. h4 Bb5 37. Rc7 Rd4 38. h5 $1 {[%csl Gh5]} Be8 (38...
Rxb4 39. Ng6 Rd4 40. Rc8 Rd8 41. Rxd8 Bc6+ (41... Bxd8 42. Rc1 $18 {Die weiße
Drohung ist 43.Rc8.}) 42. f3 Bxd8 43. Rc1 Bb7 (43... Be8 44. Rc8 $18) 44. Rb1
$18) 39. Ng4 $1 fxg4 40. Rxe8 {[%mdl 4096]} Rd5 (40... Rxb4 41. Rcc8 $18 {
[%csl Rh7]}) 41. Re6 {[%cal Re6f6,Re6a6] Droht sowohl 42.Rxf6 als auch 42.Rxa6.
} Bb2 42. Rxa6 Rxh5 43. Rc4 {[%csl Gb4] Es hängt der Bg4. Zudem wird jetzt der
weiße b-Bauer stark.} Rg5 44. Ra5 Rg6 (44... Rxa5 45. bxa5 $18 {[%csl Ga5]})
45. b5 Rg5 46. Rc2 Bf6 47. Rc1 {[%cal Gc1b1,Gb1b5] Weiß bereitet 48.Rb1 vor,
wonach er seinen Ra5 befreien kann.} Rf5 48. Rb1 Bd4 49. Ra2 Bb6 50. Rbb2 {
Weiß verteidigt den Pf2 und befreit den Ra2.} h5 51. Ra6 Bd4 $6 (51... Rf6 $5)
52. Rd2 Bc3 53. Rc2 (53. Rd3) 53... Bf6 54. Rb6 (54. b6 Rb5) 54... Kg6 55. Rb8
Kg5 56. Rc4 {Weiß bereitet 57.Rb4 vor und verhindert zugleich das mögliche 56..
.Bb4.} Rd5 57. Rb4 Be7 58. Rb2 Bf6 59. Rb3 Be5 60. Re8 $18 {Der weiße b-Bauer
entscheidet die Partie - Schwarz gab auf.} 1-0

[Event "Tilburg"]
[Site "Tilburg"]
[Date "1991.??.??"]
[Round "6"]
[White "Kortschnoj, Viktor Lvovich"]
[Black "Bareev, Evgeny"]
[Result "1/2-1/2"]
[WhiteElo "2610"]
[BlackElo "2680"]
[Annotator "Ribli,Z"]
[PlyCount "61"]
[EventDate "1991.10.??"]
[EventType "tourn"]
[EventRounds "14"]
[EventCountry "NED"]
[EventCategory "17"]
[SourceTitle "CBM 026"]
[Source "ChessBase"]
[SourceDate "1992.02.01"]
[SourceVersion "1"]
[SourceVersionDate "1992.02.01"]
[SourceQuality "1"]

1. c4 Nf6 2. Nc3 e5 3. Nf3 Nc6 4. g3 Nd4 5. Bg2 Nxf3+ 6. Bxf3 Bb4 7. d4 $5 (7.
O-O O-O 8. Bg2 d6 9. Qb3 Ba5 10. Qa3 c6 11. d3 h6 12. b4 Bb6 13. c5 Bc7 14.
cxd6 Bxd6 15. Qb2 $14 {Azmayparashvili,Z-Kindermann,S Dortmund-A 1990 CBM/18})
(7. Qb3 a5 8. O-O O-O 9. d3 d6 10. Bg5 Bxc3 11. Qxc3 h6 12. Bd2 Re8 13. Bg2 e4
14. Be3 c5 15. d4 Qe7 16. Rad1 Bf5 17. Rd2 b6 18. Rfd1 $14 {Sunye,NJ-Morovic,
FI Buenos Aires 1990 EXP/20}) 7... e4 8. Bg2 Bxc3+ 9. bxc3 h6 10. Qc2 O-O (
10... Qe7 11. a4 d6 12. Ba3 O-O $13) 11. Bxe4 Nxe4 12. Qxe4 Re8 13. Qf3 Rb8 14.
O-O b6 15. Re1 Ba6 16. Qg4 Kh8 17. d5 d6 18. Qd4 c5 $1 19. dxc6 Re6 20. Bf4 Rc8
21. c5 bxc5 22. Qa4 Bxe2 23. Qxa7 Re7 24. Qa4 Qe8 $1 25. Bxd6 Re4 26. Qc2 Bf3
27. Rxe4 Bxe4 28. Qe2 Qxc6 29. Bxc5 Bf3 30. Qd3 Be4 31. Qe2 1/2-1/2

[Event "Hastings 9091"]
[Site "Hastings"]
[Date "1990.12.??"]
[Round "5"]
[White "Larsen, Bent"]
[Black "Olafsson, Helgi"]
[Result "1/2-1/2"]
[WhiteElo "2545"]
[BlackElo "2595"]
[Annotator "Ribli,Z"]
[PlyCount "78"]
[EventDate "1990.12.??"]
[EventType "tourn"]
[EventRounds "14"]
[EventCountry "ENG"]
[EventCategory "13"]
[SourceTitle "CBM 022"]
[Source "ChessBase"]
[SourceDate "1991.06.01"]
[SourceVersion "1"]
[SourceVersionDate "1991.06.01"]
[SourceQuality "1"]

1. c4 Nf6 2. Nc3 e5 3. Nf3 Nc6 4. g3 Bb4 5. Bg2 O-O 6. O-O e4 7. Ng5 Bxc3 8.
bxc3 Re8 9. f3 exf3 (9... e3 10. d3 d5 11. Qb3 Na5 12. Qa3 c6 13. cxd5 cxd5 14.
f4 Bg4 $13 {Soffer,R-Kindermann,S Bern zt 1990 CBM/17}) 10. Nxf3 d5 11. d4 Ne4
12. Qc2 (12. cxd5 Nxc3 13. Qd3 Nxe2+ 14. Kh1 Nxc1 15. Raxc1 Nb4 16. Qb3 Nxd5
17. Ne5 $13 {Sisniega-Vera Durango 1989 48/(30)}) 12... Bf5 (12... dxc4 13. Rb1
$1 f5 14. g4 $1 Qe7 15. gxf5 Nd6 16. Ng5 Qxe2 17. Qxe2 Rxe2 18. Bf4 $16 {
Kasparov-Ivanchuk 46/34}) 13. Nh4 Bg6 14. Nxg6 hxg6 15. Rb1 Na5 16. cxd5 Qxd5
17. Bf4 Nc4 18. Qd3 f5 (18... Rac8 $5) 19. Bxc7 Rac8 20. Bf4 Re6 21. Rb4 b6 22.
a4 a6 23. g4 Rec6 24. Bg3 Re8 25. h4 b5 26. axb5 axb5 27. h5 Qd7 28. gxf5 gxf5
29. Rxb5 Ncd2 30. Rc1 Rh6 31. Bf4 Rxh5 32. c4 Qd8 $1 33. Bxd2 Qh4 34. Be3 Qh2+
35. Kf1 Ng3+ 36. Kf2 Ne4+ 37. Kf1 Ng3+ 38. Kf2 Ne4+ 39. Kf1 Ng3+ 1/2-1/2

[Event "Tilburg"]
[Site "Tilburg"]
[Date "1991.??.??"]
[Round "5"]
[White "Timman, Jan H"]
[Black "Bareev, Evgeny"]
[Result "1-0"]
[WhiteElo "2630"]
[BlackElo "2680"]
[Annotator "Ribli,Z"]
[PlyCount "77"]
[EventDate "1991.10.??"]
[EventType "tourn"]
[EventRounds "14"]
[EventCountry "NED"]
[EventCategory "17"]
[SourceTitle "CBM 026"]
[Source "ChessBase"]
[SourceDate "1992.02.01"]
[SourceVersion "1"]
[SourceVersionDate "1992.02.01"]
[SourceQuality "1"]

1. c4 {Ernst} e5 2. Nc3 Nf6 3. Nf3 Nc6 4. g3 d5 5. cxd5 Nxd5 6. Bg2 Nb6 7. a3
Be7 8. b4 Be6 9. Rb1 f6 10. O-O O-O 11. d3 Nd4 12. Nxd4 $5 (12. Nd2 c6 13. Nde4
Rf7 14. Bd2 (14. e3 $5 Nb5 15. Nxb5 cxb5 16. Bb2 Bd5 17. Bh3 Na4 18. Ba1 Bf8
19. Rc1 $14 {Rotstein,A-Psakhis,L Groningen op 1990 CBM/22}) 14... Nd5 15. e3
Nxc3 16. Bxc3 Nb5 17. Bb2 Bf8 $10 {Hjartarson,J-Baraeev,J Novi Sad ol 1990 50/
33}) 12... exd4 13. Ne4 Bd5 (13... Nd5 {Ernst} 14. Bb2 $16) 14. Bb2 f5 15. Nd2
Bf6 (15... Bxg2 16. Kxg2 Bf6 17. Qb3+ Kh8 18. Rbc1 $14 {Sunye,NJ-Huebner,R
Manila izt 1990 CBM/19}) 16. Bxd5+ Qxd5 17. Rc1 Rf7 18. Rc5 Qe6 19. Re1 c6 20.
Nf3 Nd7 (20... Rd8 $5) 21. Rc2 Qd5 22. Qa1 a5 23. Bxd4 axb4 24. Bxf6 Rxf6 (
24... Nxf6 $5) 25. Qb2 Rxa3 26. Qxb4 Rb3 27. Qf4 h6 28. Ra1 Kh7 29. Rca2 Nf8
30. Ra5 $1 c5 31. Qe5 $1 Qxe5 32. Nxe5 b6 33. Ra7 Re6 34. f4 Ng6 35. Nd7 $1 Rd6
(35... Rxe2 36. Nf6+ $18 (36. Nf6+ {Ernst} Kh8 37. Ra8+ $18)) 36. Rb7 c4 37.
dxc4 Re3 38. Kf2 Re7 39. Raa7 1-0

[Event "USA-ch G1"]
[Site "Chandler"]
[Date "1997.08.28"]
[Round "5"]
[White "Gulko, Boris F"]
[Black "Benjamin, Joel"]
[Result "0-1"]
[WhiteElo "2580"]
[BlackElo "2580"]
[Annotator "Ribli,Z"]
[PlyCount "66"]
[EventDate "1997.08.23"]
[EventType "tourn"]
[EventRounds "7"]
[EventCountry "USA"]
[EventCategory "12"]
[SourceTitle "CBM 061"]
[Source "ChessBase"]
[SourceDate "1997.11.23"]
[SourceVersion "1"]
[SourceVersionDate "1997.11.23"]
[SourceQuality "1"]

1. c4 {Gulko} e5 2. Nc3 Nf6 3. Nf3 Nc6 4. g3 d5 5. cxd5 Nxd5 6. Bg2 Nb6 7. O-O
Be7 8. Rb1 g5 {Das ist ein von Kortschnoj in die Turnierpraxis eingeführter
Zug. Die Grundpartie war Serper-Kortschnoj,Groningen 1993.Ribli.} (8... f6 $2
9. d4 $1 $146 exd4 10. Nb5 Bf5 11. Bf4 $1 Rc8 12. Rc1 d3 13. exd3 $1 Nd5 14.
Nfd4 Nxf4 15. Nxf5 Nxg2 16. Rxc6 $1 bxc6 17. Nxa7 {Khalifman,A-Tiviakov,S/
Linares 1995/1-0 (74)}) (8... Be6 $5 9. b4 e4 $5 (9... a6 10. a4 f6 11. b5 axb5
12. axb5 Nb4 13. d3 O-O 14. Nd2 N6d5 15. Bb2 c6 16. bxc6 bxc6 17. Nde4 {
1-0 Voulgaridou,D-Hatzidimou,H/GRE-chT Athens 1996 (33)}) 10. Nxe4 Bxa2 11. Bb2
$1 O-O 12. b5 {1/2-1/2 Hodgson,J-Romanishin,O/Beograd 1993 (30)}) 9. b4 $146 {
Weiß opfert einen Bauern für Komplikationen. Ich denke jedoch, daß dieser Zug
-so interessant er auch sein mag- nicht ganz korrekt ist.} (9. d3 g4 (9... Be6
10. Qd2 h6 11. Qe3 Nd5 12. Nxd5 Bxd5 13. Bh3 Qd6 {Kumaran,D-Hector,J/
Copenhagen KS 1996/CBM 55/0-1 (38)}) (9... h5 10. a3 h4 11. b4 hxg3 12. hxg3 a6
13. b5 Nd4 14. Nxd4 exd4 15. bxa6 Rxa6 16. Nb5 {Serper,G-Kortschnoj,V/
Groningen PCA 1993/CBM 39/[Kortschnoj]/0-1 (34)}) 10. Nd2 (10. Ne1 h5 11. Nc2
h4 12. b4 hxg3 13. fxg3 Nxb4 14. Nxb4 Qd4+ 15. e3 Qxc3 16. Nd5 Nxd5 17. Bxd5
Be6 18. Bxe6 fxe6 19. Rxb7 Qc6 {Hodgson,J-Bareev,E/Belgrade 1993/CBM 39/[Ribli]
/1/2-1/2 (35)}) 10... Be6 11. b4 Nd5 12. Nxd5 Bxd5 13. Bxd5 Qxd5 14. b5 Nd4 15.
Bb2 h5 16. Bxd4 exd4 17. Qb3 {Degerman,L-Hector,J/Reykjavik zt 1995/CBM 47/1/
2-1/2 (47)}) (9. d4 exd4 10. Nb5 Bf5 11. Ra1 (11. e4 Bxe4 12. Re1 $44) 11...
Be4 12. Nbxd4 Nxd4 13. Qxd4 Qxd4 14. Nxd4 Bxg2 15. Kxg2 O-O-O 16. Nf3 Rhg8 17.
Be3 Bf6 18. Rad1 Rxd1 19. Rxd1 g4 20. Nd4 Rd8 21. Rd3 Nc4 22. b3 Nxe3+ 23. fxe3
Rd5 {Claesen,P-Gurevich,M/Antwerpen op 1994/TD 94\02/0-1 (64)}) 9... g4 (9...
Nxb4 10. Nxe5 $14 (10. Nxg5 Bxg5 11. Rxb4 $13)) (9... Bxb4 10. Nxe5 Nxe5 11.
Rxb4 $14) 10. Ne1 Nxb4 $15 {Die Stellung des schwarzen Königs in der
Brettmitte ist etwas unsicher, aber der weiße Angriff ist nicht so leicht zu
organisieren.} 11. Nc2 Nc6 $1 {[%csl Rc2]} (11... Nxc2 12. Qxc2 $44 (12. Qxc2 {
Gulko} c6 13. a4 $36)) 12. Bxc6+ {Weiß muß sein Läuferpaar geben, sonst kann
er nicht 13.d4 durchsetzen.Ribli.} (12. e3 Bf5 {[%csl Rd3]} (12... O-O)) 12...
bxc6 {Schwarz hat nicht nur einen Bauern mehr, sondern auch das Läuferpaar.
Ich möchte anmerken, daß die weißen Felder im Lager des Anziehenden schwach
sind.Ribli.} 13. d4 f6 $5 {Schwarz hält seinen Zentrumsbauern und verwährt dem
Nc2 damit das Feld d4.} (13... exd4 14. Nxd4 (14. Qxd4 Qxd4 15. Nxd4 Bf6 16.
Be3 $44 {[%csl Rc6,Rc7]}) 14... Bf6 (14... c5 {Gulko} 15. Nc6 Qxd1 16. Rxd1 Bd6
17. Bf4 $16) (14... Bd7 15. Qd3 $16) (14... Bc5 15. Nxc6 Qf6 16. Bg5 $3 Qxg5
17. Ne4 Qd5 18. Nf6+ $18) 15. Nxc6 Qd7 (15... Qxd1 16. Rxd1 Bxc3 $4 17. Rd8#)
16. Qxd7+ Bxd7 17. Ne4) 14. dxe5 (14. Qd3 $1 {Gulko} Be6 15. Qe4 Qd7 16. dxe5
Bf5 17. e6 Qxe6 18. Qxe6 Bxe6 19. Nd4 $14) 14... Qxd1 15. Rxd1 fxe5 16. Nb4 Bf5
$1 (16... Bb7 17. Nd3 $44) (16... Bd7 17. Nd3 $44 (17. Na6 $44) (17. Nd3 {Gulko
} Bd6 18. Ne4 $16)) 17. e4 $8 (17. Rb3 a5 18. Nxc6 Bc2 $17 {[%cal Rc2d1,Rc2b3]}
) (17. Rb2 Nc4 18. Rb3 a5 19. Nxc6 Bc2 $17 {[%cal Rc2d1,Rc2b3]}) 17... Bxb4 18.
Rxb4 Be6 {[%csl Rf3]} 19. Bg5 (19. Bb2 a5 {[%csl Rb4]}) 19... Rf8 20. Rb2 Rf3
21. Nb1 (21. Rc1 Rxc3 $6 (21... Kd7 $5) 22. Rxc3 Na4 23. Rcc2 Nxb2 24. Rxb2 $15
{Und Weiß hat gute Rettungschancen.}) 21... Rc8 {>< c7} 22. Rc1 (22. Nd2 $2 {
Gulko} Rd3) (22. Rc2 $1 {Gulko} Nc4 23. Nd2 Rd3 24. Rdc1 Nxd2 25. Bxd2 c5 (
25... Rd4 26. Rxc6 Bxa2 27. Be3 Rxe4 28. Bxa7 Bd5 29. Rh6 $11) 26. Bc3 c4 27.
Bxe5 $11) 22... Nc4 23. Rb7 (23. Rb4 {Gulko} Rd3 $1) 23... Nd6 24. Rxa7 Nxe4
25. Be3 Bd5 26. Nd2 $4 {Unglaublich aber wahr: Auch ein so starker Spieler wie
Gulko kann so einen schlechten Zug machen.} (26. Nc3 Kd7 $15 {Natürlich hat
Schwarz die besseren Aussichten, aber sein Sieg steht längst nicht fest.Ribli.}
(26... Nxc3 {Gulko} 27. Rxc3 Rb8 28. Rc1 Kd7 29. a4 Rb2 $17 {/\ 30... R:e3}))
26... Rxe3 $1 27. fxe3 Nxd2 {Die schwarzen Leichtfiguren sind viel besser als
der weiße Turm.Ribli.} 28. a4 Kd7 29. Rb7 {Die einzige Gegenchance für Weiß
ist der a-Bauer, aber Schwarz kann hier problemlos eingreifen.} Ra8 30. Rb4 Ne4
$19 {[%csl Rf3,Rg1]} 31. Rd1 {Droht 32.Rxe4.Ribli.} Ke6 32. Rb7 Rxa4 33. Rxc7
Ng5 {Und Weiß gab auf.} 0-1

[Event "Reykjavik op"]
[Site "Reykjavik"]
[Date "1996.??.??"]
[Round "3"]
[White "Petursson, Margeir"]
[Black "Vidarsson, Jon Gardar"]
[Result "1-0"]
[WhiteElo "2585"]
[BlackElo "2340"]
[Annotator "Ribli,Z"]
[PlyCount "61"]
[EventDate "1996.03.??"]
[EventType "swiss"]
[EventRounds "9"]
[EventCountry "ISL"]
[SourceTitle "CBM 052"]
[Source "ChessBase"]
[SourceDate "1996.06.01"]
[SourceVersion "1"]
[SourceVersionDate "1996.06.01"]
[SourceQuality "1"]

1. c4 e5 2. Nc3 Nf6 3. Nf3 Nc6 4. g3 Bb4 5. Nd5 Bc5 6. Bg2 O-O 7. O-O d6 8. e3
e4 $6 $146 {Ich finde diese Neurung nicht besonders glücklich, weil Schwarz
den Bauern auf e4 nicht lange halten kann. Dann wird Weiß seine Kontrolle über
das Zentrum verstärken.} (8... Bb6 $1 9. Nxb6 axb6 10. b3 Bg4 11. h3 Bh5 12. d3
e4 $10 {Gulko,B-Almasi,Z/Groningen/1994/CBM45/INF62,(32)/}) 9. Ne1 Re8 10. d4
$1 exd3 $8 (10... Bb6 11. f3 $1 exf3 12. Qxf3 Re6 13. Nd3 $36) 11. Nxd3 Nxd5 $6
{Das ist mit Sicherheit nicht gut.} (11... Bb6 12. Nxb6 axb6 13. b3 Bf5 (13...
Bg4 $5) 14. Bb2 $14) 12. cxd5 Ne5 13. Nxc5 dxc5 14. f4 Nc4 15. e4 {Weiß steht
besser: 1. Er hat das Läuferpaar. 2. Die weissen Bauern herrschen das Zentrum.
3.Schwarz kann sich über seine Doppelbauern auf der c-Linie nicht besonders
freuen.} b5 16. Qc2 {/\ b3 ><c5} c6 $6 17. dxc6 Qd4+ 18. Qf2 $1 {Petursson /\
Qxd4,Rd1 waehlt eine sichere Fortsetzung} Bg4 19. h3 Be2 20. Re1 Bd3 21. Qxd4
cxd4 22. b3 Na5 23. e5 $1 {/\ Bd2 Schwarz hat keine Kompensation für den
geopferten Bauern.} Rac8 24. Rd1 Bf5 $2 {Dieser Fehler verkürzt nur die Partie.
} 25. g4 Bc2 26. Rxd4 Nxc6 27. Rd6 Nb4 28. Bd2 Nd3 29. Bf1 Red8 30. Bxd3 Bxd3
31. Ba5 $1 (31. Ba5 Rxd6 32. exd6 $18 {/\ d7}) 1-0